00987 2200337 4500001002100000005001500021035002000036007000300056008004100059020002200100040002200122082001400144084001600158090002000174090002200194100003600216245007900252250002500331300003000356500003400386650002500420700002900445850001200474041000800486264003700494336002100531337003000552338002300582999002200605990002200627INLIS00000000084929820190708011152 a0010-0719000299ta190708s2016 yoi g ind d a978-602-6981-09-7 aYOPDYOGbinderda04223a297.2 a297.2 MUH r aDEP 297.2 MUH r aCB-D.11 2016-28740 aMuhammad AbduhcSyaikhepenulis10aRisalah Tauhid /cpenulis, Syaikh Muhammad Abduh; penerjemah, M. Ali Akbar aCetakan I, Juni 2016 axvi, 226 halaman ;c20 cm ajudul asli: Risalat al-Tauhid 4aAqaid dan Ilmu Kalam1 aAli Akbar, Mepenerjemah aYOPDYOG1 aInd 1aYogyakarta :bTitah Surga,c2016 2rdacontentateks 2rdamediaatanpa perantara 2rdacarrieravolume aCB-D.11/2016-2874 aCB-D.11/2016-2874